Un puñado de miedos / (Registro nro. 14738)

Detalles MARC
000 -LIDER
fixed length control field 01106nam a2200373 c 4500
001 - NÚMERO DE CONTROL
Identificador de número de control
003 - IDENTIFICACDOR DE NÚMERO DE CONTROL
control field DO-SdBNP
005 - DATE AND TIME OF LATEST TRANSACTION
control field 20240718114355.0
008 - ELEMENTOS DE LONGITUD FIJA
fixed length control field 170403s2006 sp a|||| 000 1 spa
020 ## - ISBN
International Standard Book Number 8421694278
040 ## - FUENTE DE CATALOGACIÓN
Agencia que crea de manera original el registro BPMSU
Idioma de catalogación spa
Agencia que realiza la transcripción BPMSU
Convenciones de la despripción
080 ## - NÚMERO DE CLASIFICACIÓN DECIMAL UNIVERSAL
Universal Decimal Classification number
082 #4 - NÚMERO DE CLASIFICACIÓN DECIMAL DE DEWEY
Classification number 863.6
Item number L864u 2006
Edition number 22
100 1# - ASIENTO PRINCIPAL -- NOMBRE PERSONAL
Nombre personal López Narváez, Concha
Fechas asociadas con el nombre 1939-
Authority record control number
245 13 - MENCIÓN DE TITULO
Título Un puñado de miedos /
Mención de responsabilidad Concha López Narváez, dibujos de Rafael Salmerón
250 ## - MENCIÓN DE EDICION
Mención de edición 5a. ed.
260 ## - PUBLICACIÓN, DISTRIBUCIÓN, ETC. (PIE DE IMPRENTA)
Lugar de publicación, distribución, etc León, España :
Nombre del editor, distribuidor, etc. Editorial Everest.
Fecha de publicación, distribución, etc 200
300 ## - DESCRIPCIÓN FÍSICA
Extensión 169 p.;
Otros detalles físicos il. ;
Dimensiones 21 cm
336 ## - CONTENT TYPE
Content type term Texto (visual)
Source isbdcontent
337 ## - MEDIA TYPE
Media type term sin mediación
Source isbdmedia
490 0# - MENCIÓN DE SERIES
Mención de serie Cuentos,
Volume/sequential designation 156
590 ## - NOTA LOCAL
Texto de la nota local Inventariado, 2024/VM
Enlace
648 ## - SUBJECT ADDED ENTRY--CHRONOLOGICAL TERM
Chronological term
650 #4 - ENCABEZAMIENTO DE MATERIA--TEMÁTICO
Término temático o nombre geográfico como elemento de entrada Cuentos juveniles españoles
650 #4 - ENCABEZAMIENTO DE MATERIA--TEMÁTICO
Término temático o nombre geográfico como elemento de entrada literatura juvenil española
655 #7 - INDEX TERM--GENRE/FORM
Genre/form data or focus term Libros infantiles
Source of term tgfbne
655 #4 - INDEX TERM--GENRE/FORM
Genre/form data or focus term Libros ilustrados
Source of term
655 #4 - INDEX TERM--GENRE/FORM
Source of term
700 1# - ASIENTO SECUNDARIO -- NOMBRE PERSONAL
Nombre personal Salmerón, Carmelo
700 1# - ASIENTO SECUNDARIO -- NOMBRE PERSONAL
Nombre personal Salmerón López, Rafael
Fechas asociadas con el nombre 1972-
Mención de responsabilidad ilustrador
910 ## - VALIDACIÓN
Validación VMateo V. Control de calidad. BPMSU
942 ## - ADDED ENTRY ELEMENTS (KOHA)
Source of classification or shelving scheme Dewey Decimal Classification
Koha item type Libros
956 ## - LOCAL ELECTRONIC LOCATION AND ACCESS (OCLC)
Nombre de host
Existencias
Withdrawn status Lost status Source of classification or shelving scheme Damaged status Not for loan Collection code Home library Current library Date acquired Total Checkouts Full call number Barcode Date last seen Price effective from Koha item type
    Dewey Decimal Classification     Colección Juvenil General Biblioteca Pública Metropolitana Salomé Ureña Biblioteca Pública Metropolitana Salomé Ureña 07/18/2024   BPMSU CJG 863.6 L864u 2006 BPMSU24070082 07/18/2024 07/18/2024 Libros